Normal view
MARC view
Entry Topical Term
001 - CONTROL NUMBER
- control field: 24203
003 - CONTROL NUMBER IDENTIFIER
- control field: UA-OsUOA
005 - DATE AND TIME OF LATEST TRANSACTION
- control field: 20260304140721.0
008 - FIXED-LENGTH DATA ELEMENTS
- fixed length control field: 260304|| aca||aabn | a|a d
040 ## - CATALOGING SOURCE
- Original cataloging agency: UA-OsUOA
- Transcribing agency: UA-OsUOA
150 ## - HEADING--TOPICAL TERM
- Topical term or geographic name as entry element: Thermal Process Engineering
670 ## - SOURCE DATA FOUND
- Source citation: Work cat.: (UA-OsUOA)579942: npj Fluid Dynamics